000
00341 a2200157 4500
001
151735
040
_c
Escola São Tomás de Aquino
100
_a
EYRE,JANE.
240
1
0
_a
Charlotte Bronte.
_l
por
245
1
0
_a
Charlotte Bronte.
300
_a
186
362
0
_a
1996
440
1
_a
Ediouro
697
_a
*LITERATURA JUVENIL
942
_c
BK
999
_c
151735
_d
151735